000 00602nam a2200217Ia 4500
008 101110s9999 xx 000 0 und d
041 _aENGLISH
082 _bSR29510
100 _aVaz Michael and Paralikar Vinayak
245 _aManagement and production planning T.Y.B.Com.
260 _c2007
_bManan prakashan,Mumbai
300 _a310
365 _b100
520 _aCommerce
546 _aENGLISH
630 _aManagement and production planning T.Y.B.Com.
650 _aCommerce
655 _aCommerce
730 _aManagement and production planning T.Y.B.Com.
942 _cBOOK
999 _c822021
_d822018